000 00801nam a2200241Ia 4500
003 OSt
005 20220923220357.0
006 a|||||r|||| 00| 0
007 ta
008 220922b |||||||| |||| 00| 0 hin d
024 _a186,234
037 _cTextual
040 _aARTS
_cARTS
_bhin
041 _2hin
_ahin
082 _aY73(P15), 152K0
100 _aमुकर्जी, रवीन्द्र नाथ
_9158666
245 0 _aभारतीय जनता तथा संस्थाएंॅ
246 _aBhāratīya janatā tathā sansthāeanॅ
260 _c1960
650 _aभारतीय-लोक साहित्य
942 _hY73(P15), 152K0
_cTEXL
_2CC
999 _c339479
_d339479